Disadvantaged by where you live? (Record no. 18403)
[ view plain ]
| 000 -LEADER | |
|---|---|
| fixed length control field | 01461nam a2200361Ia 4500 |
| 245 00 - TITLE STATEMENT | |
| Title | Disadvantaged by where you live? |
| 260 ## - PUBLICATION, DISTRIBUTION, ETC. (IMPRINT) | |
| Place of publication | Bristol : |
| Name of publisher | Policy Press, |
| Year of publication | 2007. |
| 300 ## - PHYSICAL DESCRIPTION | |
| Number of Pages | viii, 245 p. : |
| Other physical details | ill. |
| 650 #0 - SUBJECT ADDED ENTRY--TOPICAL TERM | |
| Topical Term | Community development, Urban |
| Topical Term | Urban policy |
| Topical Term | Local government |
| 700 1# - ADDED ENTRY--PERSONAL NAME | |
| Personal name | Smith, Ian, |
| Personal name | Lepine, Eileen, |
| Personal name | Taylor, Marilyn. |
| 856 40 - ELECTRONIC LOCATION AND ACCESS | |
| Uniform Resource Identifier | http://site.ebrary.com/lib/rucke/Doc?id=10281200 |
No items available.
